000 00544nam a22001817a 4500
005 20220517151226.0
008 220517b ||||| |||| 00| 0 eng d
040 _cAL
041 _aEnglish
082 _223
_a320.454
_bLOHG
100 _aRammanohar Lohia
_937655
245 _aGuility Men of India Partition
260 _aHyderbad
_bRammanohar Lohia Samata Vidyalaya Nyas
_c1970
300 _a103 p.
_bPB
_c22x14 cm.
650 _aIndia--Politics and government--1919-1947
_937656
700 _aLOHIA (Rammanohar)
_937657
942 _2ddc
_cGF
999 _c222974
_d222974